000 00182nam a2200073Ia 4500
008 170617s9999 xx 000 0 und d
100 _aBilgrami & Sinha
245 0 _aEssential of Microbiology
260 _bElesvir Pub
999 _c15084
_d15084